Научно-технический сборник Вестника Всероссийского кожевенного синдиката. Вып.1: I. Измельчение древесины для производства дубильных экстрактов | II. Проектирование и расчет экстрактных заводов | III. Об утилизации одубины экстрактных заводов | IV. Лабораторные исследования из области производства дубового и каштанового экстрактов в Киеве и в Майкопе (Запись № 1984739)

Подробности
000 -МАРКЕР
контрольное поле 01656nam2a22002651 4500
001 - ИДЕНТИФИКАТОР ЗАПИСИ
контрольное поле RU\NLR\INFOCOMM\1000034302
005 - ИДЕНТИФИКАТОР ВЕРСИИ
контрольное поле 20250617150313.0
035 ## - ДРУГИЕ СИСТЕМНЫЕ НОМЕРА
Идентификатор записи (NLR Aleph) 002733305
100 ## - ДАННЫЕ ОБЩЕЙ ОБРАБОТКИ
Данные общей обработки 20040128d1923 |||y0rusy50 ca
101 0# - ЯЗЫК РЕСУРСА
Язык текста, звукозаписи и т.д. русский
102 ## - СТРАНА ПУБЛИКАЦИИ ИЛИ ПРОИЗВОДСТВА
Страна публикации Российская Федерация
105 ## - ПОЛЕ КОДИРОВАННЫХ ДАННЫХ: ТЕКСТОВЫЕ МАТЕРИАЛЫ, МОНОГРАФИЧЕСКИЕ
Кодированные данные о монографическом текстовом документе y |||||||||
200 1# - ЗАГЛАВИЕ И СВЕДЕНИЯ ОБ ОТВЕТСТВЕННОСТИ
Основное заглавие I. Измельчение древесины для производства дубильных экстрактов
-- II. Проектирование и расчет экстрактных заводов
-- III. Об утилизации одубины экстрактных заводов
-- IV. Лабораторные исследования из области производства дубового и каштанового экстрактов в Киеве и в Майкопе
Первые сведения об ответственности Павлович П.И.
210 ## - ПУБЛИКАЦИЯ, РАСПРОСТРАНЕНИЕ И ДР.
Дата издания, распространения и т.д. 1923
Место издания, распространения и т.д. Б. м.
461 #0 - УРОВЕНЬ НАБОРА
Встроенное поле 001RU\NLR\INFOCOMM\1000034301
-- 2001#$aНаучно-технический сборник Вестника Всероссийского кожевенного синдиката$hСерия 2$iДубильные материалы$vВып.1
Системный номер (АБИС) связанной записи 1984732
Автор Всероссийский кожевенный синдикат
Место публикации М.
Дата публикации 1923
Номер части Серия 2
Заглавие части Дубильные материалы
Заглавие Научно-технический сборник Вестника Всероссийского кожевенного синдиката
Номер тома Вып.1
700 #1 - ИМЯ ЛИЦА - ПЕРВИЧНАЯ ОТВЕТСТВЕННОСТЬ
Начальный элемент ввода Павлович
Часть имени, кроме начального элемента ввода П.И.
Код отношения Автор
801 #1 - ИСТОЧНИК ЗАПИСИ
Страна Российская Федерация
Организация InfoComm
Дата составления 20040128
801 #0 - ИСТОЧНИК ЗАПИСИ
Страна Российская Федерация
Организация NLR
Правила каталогизации PSBO
852 ## - МЕСТОНАХОЖДЕНИЕ И ШИФР ХРАНЕНИЯ
Идентификатор организации NLR
Шифр хранения (Call Number) 3/37
852 ## - МЕСТОНАХОЖДЕНИЕ И ШИФР ХРАНЕНИЯ
Идентификатор организации NLR
Шифр хранения (Call Number) 18.390.2.34
942 ## - ДОПОЛНИТЕЛЬНЫЕ ЭЛЕМЕНТЫ ЗАПИСИ (АБИС)
Тип экземпляра АБИС Выпуск
980 ## - КОЛЛЕКЦИЯ
Название коллекции Национальная библиография
980 ## - КОЛЛЕКЦИЯ
Название коллекции Русская периодика

Нет доступных экземпляров.